Computer Controlled Tunable Micro strip Patch Antenna / (Record no. 188986)

000 -LEADER
fixed length control field 00923 a2200193 4500
003 - CONTROL NUMBER IDENTIFIER
control field NUST
005 - DATE AND TIME OF LATEST TRANSACTION
control field 20251124182242.0
040 ## - CATALOGING SOURCE
Transcribing agency Nust
082 ## - DEWEY DECIMAL CLASSIFICATION NUMBER
Classification number 621.382,NAW
100 ## - MAIN ENTRY--PERSONAL NAME
Personal name Nawaz, Capt. Qasim (TCC-19/TE-44)
9 (RLIN) 131476
245 ## - TITLE STATEMENT
Title Computer Controlled Tunable Micro strip Patch Antenna /
Statement of responsibility, etc. Capt. Qasim Nawaz, Capt. Jaffar Rehman, Capt. Tariq Irshad Goraya and GC Kaleem Ullah
260 ## - PUBLICATION, DISTRIBUTION, ETC.
Place of publication, distribution, etc. Rawalpindi
Name of publisher, distributor, etc. MCS (NUST)
Date of publication, distribution, etc. July 2011
300 ## - PHYSICAL DESCRIPTION
Extent vii, 61p.;
505 ## - FORMATTED CONTENTS NOTE
Formatted contents note Introduction of Patch antenna and Project Overview (Page-1), Design and implementation of 2.4 GHz Patch (Page-14), Implementation With Shorting Pins (Page-24), Design and Implementation of 1.9 GHz Patch (Page-30), Interfacing of antenna with a Microcontroller Based Circuit (Page-40), Refences (Page-59).
650 ## - SUBJECT ADDED ENTRY--TOPICAL TERM
Topical term or geographic name entry element UG Projects
9 (RLIN) 98716
651 ## - SUBJECT ADDED ENTRY--GEOGRAPHIC NAME
Geographic name TCC-19 / TE-44
9 (RLIN) 131477
700 ## - ADDED ENTRY--PERSONAL NAME
Personal name Supervised by Lec Zeeshan Zahid
9 (RLIN) 132050
942 ## - ADDED ENTRY ELEMENTS (KOHA)
Koha item type Project Report
Source of classification or shelving scheme
Holdings
Withdrawn status Lost status Source of classification or shelving scheme Damaged status Not for loan Permanent Location Current Location Shelving location Date acquired Full call number Barcode Date last seen Price effective from Koha item type Public note
          Military College of Signals (MCS) Military College of Signals (MCS) Reference 12/12/2016 621.382,NAW MCSPTE-193 12/08/2016 12/12/2016 Project Report  
          Military College of Signals (MCS) Military College of Signals (MCS) Reference 11/04/2025 621.382,NAW MCSPTC-139 11/04/2025 11/04/2025 Project Report Almirah No.94, Shelf No.3
© 2023 Central Library, National University of Sciences and Technology. All Rights Reserved.